=LDR 00000nam 2200000 4500 =001 INLIS000000000019787 =005 20130612114820 =008 ***********************************Ind** =035 ##$$0010-061300000019787 =041 ##$$a Ind =082 ##$$a R.796.342 092 =090 ##$$a R.796.342 092, Sab a =100 ##$$a Sabaruddin =245 ##$$a Apa dan siapa sejumlah orang bulutangkis Indonesia, Sabaruddin SA =260 ##$$a 1994 $b Jakarta =300 ##$$a Jakarta, Jurnalindo Aksara Grafika, 1994 =650 ##$$a Bulutamgkis Indonesia =850 ##$$a NBPNMAT